000 00681nam a2200265Ia 4500
005 20260302115531.0
008 008 260114s9999 xx 000 0 eng d
020 _a9781474276955
037 _aTextbook
040 _aCRL
040 _beng
040 _cCRL
041 _2eng
041 _aeng
084 _qCRL
100 _aDavid Palmer
_91121918
245 0 _aVisions of Tragedy in Modern American Drama
260 _bBloomsbury
260 _bMethuen Drama
260 _c2018
650 _aLiterary Studies
856 _uhttps://dx.doi.org/10.5040/9781474276955?locatt=label:secondary_bloomsburyCollections
942 _cEBOOK
999 _c1686561
_d1686561